Biological Diversity Act 2002 with Rules (Record no. 247950)

MARC details
000 -LEADER
fixed length control field 00390pam a2200145 a 4500
020 ## - INTERNATIONAL STANDARD BOOK NUMBER
International Standard Book Number 81-81558-031-1
Terms of availability
041 ## - LANGUAGE CODE
Language code of original
100 ## - MAIN ENTRY--PERSONAL NAME
Personal name Natraj, Publication.,
Relator term Author.,
245 ## - TITLE STATEMENT
Title Biological Diversity Act 2002 with Rules
Medium Textual Documents
250 ## - EDITION STATEMENT
Edition statement 1st Ed. 2010.
260 ## - PUBLICATION, DISTRIBUTION, ETC.
Place of publication, distribution, etc. New Delhi:
Name of publisher, distributor, etc. Natraj Publication .
300 ## - PHYSICAL DESCRIPTION
Extent 230.
653 ## - INDEX TERM--UNCONTROLLED
Uncontrolled term Philosophy & theory
930 ## - EQUIVALENCE OR CROSS-REFERENCE-UNIFORM TITLE HEADING [LOCAL, CANADA]
Uniform title 2099
Holdings
Withdrawn status Lost status Damaged status Not for loan Home library Current library Date acquired Source of acquisition Cost, normal purchase price Total Checkouts Full call number Barcode Date last seen Copy number Price effective from Koha item type
        Institute of Environment Education & Research, Pune Institute of Environment Education & Research, Pune 09/01/2013 Natraj Publication 195.00   EVP-1853 03/04/2023 1 03/04/2023 Book